000 00580nam a22001937a 4500
003 OSt
005 20260120025817.0
008 260120b |||||||| |||| 00| 0 eng d
020 _a9781258396848
040 _aDWCL - Main
_cOC
082 _aProf. 371.59 F199 1952
100 _aFalvey, Frances E.
_eAuthor
245 _aStudent participation in college administration /
_cFrances E. Falvey
260 _aNew York:
_bBureau of Publications,
_cc1952.
300 _axi, 206 p.;
_c23 cm.
504 _aIncludes index.
650 _a1. Student government.
942 _2ddc
_cPROF.
_n0
999 _c7565
_d7565